000 00581nam a22002057a 4500
003 BUBTL
008 210923b ||||| |||| 00| 0 eng d
020 _a984-300-001785-9
082 _a364 / K115c / 2015
100 _aKader, Monjur
_94206
245 _aCriminology
_cMonjur Kader and Md. Muajjem Hussain
250 _b3rd
260 _aDhaka
_bUniversity Law Book Center
_cc2015
300 _a379p . :
_c22 cm.
650 0 _926
_aLaw
700 _aMonjur Kader and Md. Muajjem Hussain
856 _k0
_l0
_yDownload
942 _2ddc
_cBK
999 _c6534
_d6534